000
003090000a22001450004500
003
MACL
040
_a
MACL
090
_c
32981
_d
32979
100
_a
Subramaniam, Dr A
245
_a
Transfer of Property
260
_b
Andhra Law House
_c
1997
350
_a
65
650
_a
Private Law
942
_c
BOOK
_k
346/Sub
999
_c
32644
_d
32644